Statistics for Popular Dating Acronyms

Click here to take the quiz!

General Stats

  • This quiz has been taken 1,127 times
    (1,124 since last reset)
  • The average score is 3 of 10

Answer Stats

AcronymAnswer% Correct
IRLIn Real Life
64%
BBWBig Beautiful Woman
54%
W4MWomen for Men
54%
F2FFace To Face
46%
SWFSingle white female
45%
LDRLong Distance Relationship
25%
NSANo Strings Attached
25%
D&D freeDrug and Disease Free
16%
NSNon-smoker
15%
DJFDivorced Jewish Female
5%

Score Distribution

Percentile by Number Answered

Percent of People with Each Score

Your Score History

You have not taken this quiz since the last reset